<?xml version="1.0" encoding="UTF-8"?>
<record
    xmlns:xsi="http://www.w3.org/2001/XMLSchema-instance"
    xsi:schemaLocation="http://www.loc.gov/MARC21/slim http://www.loc.gov/standards/marcxml/schema/MARC21slim.xsd"
    xmlns="http://www.loc.gov/MARC21/slim">

  <leader>00591nam a22001577a 4500</leader>
  <controlfield tag="003">OSt</controlfield>
  <controlfield tag="005">20150924142145.0</controlfield>
  <controlfield tag="008">150924b        xxu||||| |||| 00| 0 eng d</controlfield>
  <datafield tag="040" ind1=" " ind2=" ">
    <subfield code="c">RUA </subfield>
  </datafield>
  <datafield tag="082" ind1=" " ind2=" ">
    <subfield code="a">AGR HEN 2012 B052 Or.1</subfield>
  </datafield>
  <datafield tag="100" ind1=" " ind2=" ">
    <subfield code="9">1255</subfield>
    <subfield code="a">HENG SREY PECH </subfield>
  </datafield>
  <datafield tag="245" ind1=" " ind2=" ">
    <subfield code="a">Performannce of banana tissue culture plantlet in field condition,(&#x179F;&#x17C6;&#x178A;&#x17C2;&#x1784;&#x1780;&#x1798;&#x17D2;&#x1798;&#x1793;&#x17C3;&#x1780;&#x17BC;&#x1793;&#x1785;&#x17C1;&#x1780;&#x1787;&#x17B6;&#x179B;&#x17B7;&#x1780;&#x17B6;&#x179C;&#x1794;&#x17D2;&#x1794;&#x1780;&#x1798;&#x17D2;&#x1798; &#x1793;&#x17C5;&#x1780;&#x17D2;&#x1793;&#x17BB;&#x1784;&#x179B;&#x1780;&#x17D2;&#x1781;&#x1781;&#x178E;&#x179C;&#x17B6;&#x179B;&#x179F;&#x17D2;&#x179A;&#x17C2;)</subfield>
  </datafield>
  <datafield tag="260" ind1=" " ind2=" ">
    <subfield code="a">phnom penh </subfield>
    <subfield code="b">RUA</subfield>
    <subfield code="c">2012</subfield>
  </datafield>
  <datafield tag="300" ind1=" " ind2=" ">
    <subfield code="a">xii, 41p.</subfield>
    <subfield code="c">ill.</subfield>
    <subfield code="g">29cm.</subfield>
  </datafield>
  <datafield tag="942" ind1=" " ind2=" ">
    <subfield code="2">ddc</subfield>
    <subfield code="c">AGR</subfield>
  </datafield>
  <datafield tag="999" ind1=" " ind2=" ">
    <subfield code="c">1188</subfield>
    <subfield code="d">1188</subfield>
  </datafield>
  <datafield tag="952" ind1=" " ind2=" ">
    <subfield code="0">0</subfield>
    <subfield code="1">0</subfield>
    <subfield code="2">ddc</subfield>
    <subfield code="4">0</subfield>
    <subfield code="6">AGR_HEN_2012_000000000000000_B052_OR_1</subfield>
    <subfield code="7">0</subfield>
    <subfield code="9">4913</subfield>
    <subfield code="a">LBB</subfield>
    <subfield code="b">LBB</subfield>
    <subfield code="d">2015-09-24</subfield>
    <subfield code="l">5</subfield>
    <subfield code="m">1</subfield>
    <subfield code="o">AGR HEN 2012 B052 Or.1</subfield>
    <subfield code="p">RUA005354</subfield>
    <subfield code="r">2025-02-13</subfield>
    <subfield code="s">2025-01-28</subfield>
    <subfield code="w">2015-09-24</subfield>
    <subfield code="y">AGR</subfield>
  </datafield>
  <datafield tag="952" ind1=" " ind2=" ">
    <subfield code="0">0</subfield>
    <subfield code="1">0</subfield>
    <subfield code="2">ddc</subfield>
    <subfield code="4">0</subfield>
    <subfield code="6">AGR_HEN_2012_000000000000000_B052_OR_2</subfield>
    <subfield code="7">0</subfield>
    <subfield code="9">4914</subfield>
    <subfield code="a">LBB</subfield>
    <subfield code="b">LBB</subfield>
    <subfield code="d">2015-09-24</subfield>
    <subfield code="l">6</subfield>
    <subfield code="o">AGR HEN 2012 B052 Or.2</subfield>
    <subfield code="p">RUA006214</subfield>
    <subfield code="r">2022-02-04</subfield>
    <subfield code="s">2022-01-10</subfield>
    <subfield code="w">2015-09-24</subfield>
    <subfield code="y">AGR</subfield>
  </datafield>
  <datafield tag="952" ind1=" " ind2=" ">
    <subfield code="0">0</subfield>
    <subfield code="1">0</subfield>
    <subfield code="2">ddc</subfield>
    <subfield code="4">0</subfield>
    <subfield code="6">AGR_HEN_2012_000000000000000_B052_OR_3</subfield>
    <subfield code="7">0</subfield>
    <subfield code="9">4915</subfield>
    <subfield code="a">LBB</subfield>
    <subfield code="b">LBB</subfield>
    <subfield code="d">2015-09-24</subfield>
    <subfield code="l">2</subfield>
    <subfield code="o">AGR HEN 2012 B052 Or.3</subfield>
    <subfield code="p">RUA005882</subfield>
    <subfield code="r">2021-12-22</subfield>
    <subfield code="s">2021-12-15</subfield>
    <subfield code="w">2015-09-24</subfield>
    <subfield code="y">AGR</subfield>
  </datafield>
  <datafield tag="952" ind1=" " ind2=" ">
    <subfield code="0">0</subfield>
    <subfield code="1">0</subfield>
    <subfield code="2">ddc</subfield>
    <subfield code="4">0</subfield>
    <subfield code="6">AGR_HEN_2012_000000000000000_B052_OR_4</subfield>
    <subfield code="7">0</subfield>
    <subfield code="9">4916</subfield>
    <subfield code="a">LBB</subfield>
    <subfield code="b">LBB</subfield>
    <subfield code="d">2015-09-24</subfield>
    <subfield code="l">6</subfield>
    <subfield code="o">AGR HEN 2012 B052 Or.4</subfield>
    <subfield code="p">RUA005760</subfield>
    <subfield code="r">2026-01-13</subfield>
    <subfield code="s">2025-12-16</subfield>
    <subfield code="w">2015-09-24</subfield>
    <subfield code="y">AGR</subfield>
  </datafield>
  <datafield tag="952" ind1=" " ind2=" ">
    <subfield code="0">0</subfield>
    <subfield code="1">0</subfield>
    <subfield code="2">ddc</subfield>
    <subfield code="4">0</subfield>
    <subfield code="6">AGR_HEN_2012_000000000000000_B052_OR_6</subfield>
    <subfield code="7">0</subfield>
    <subfield code="9">4917</subfield>
    <subfield code="a">LBB</subfield>
    <subfield code="b">LBB</subfield>
    <subfield code="d">2015-09-24</subfield>
    <subfield code="l">2</subfield>
    <subfield code="o">AGR HEN 2012 B052 Or.6</subfield>
    <subfield code="p">RUA005976</subfield>
    <subfield code="r">2022-10-24</subfield>
    <subfield code="s">2022-10-10</subfield>
    <subfield code="w">2015-09-24</subfield>
    <subfield code="y">AGR</subfield>
  </datafield>
  <datafield tag="952" ind1=" " ind2=" ">
    <subfield code="0">0</subfield>
    <subfield code="1">0</subfield>
    <subfield code="2">ddc</subfield>
    <subfield code="4">0</subfield>
    <subfield code="6">AGR_HEN_2012_000000000000000_B052_OR_5</subfield>
    <subfield code="7">0</subfield>
    <subfield code="9">4918</subfield>
    <subfield code="a">LBB</subfield>
    <subfield code="b">LBB</subfield>
    <subfield code="d">2015-09-24</subfield>
    <subfield code="l">3</subfield>
    <subfield code="o">AGR HEN 2012 B052 Or.5</subfield>
    <subfield code="p">RUA005364</subfield>
    <subfield code="r">2024-12-23</subfield>
    <subfield code="s">2024-12-21</subfield>
    <subfield code="w">2015-09-24</subfield>
    <subfield code="y">AGR</subfield>
  </datafield>
  <datafield tag="952" ind1=" " ind2=" ">
    <subfield code="0">0</subfield>
    <subfield code="1">0</subfield>
    <subfield code="2">ddc</subfield>
    <subfield code="4">0</subfield>
    <subfield code="6">AGR_HEN_2012_000000000000000_B052_OR_7</subfield>
    <subfield code="7">0</subfield>
    <subfield code="9">4919</subfield>
    <subfield code="a">LBB</subfield>
    <subfield code="b">LBB</subfield>
    <subfield code="d">2015-09-24</subfield>
    <subfield code="l">1</subfield>
    <subfield code="o">AGR HEN 2012 B052 Or.7</subfield>
    <subfield code="p">RUA005362</subfield>
    <subfield code="r">2022-10-25</subfield>
    <subfield code="s">2022-10-12</subfield>
    <subfield code="w">2015-09-24</subfield>
    <subfield code="y">AGR</subfield>
  </datafield>
  <datafield tag="952" ind1=" " ind2=" ">
    <subfield code="0">0</subfield>
    <subfield code="1">0</subfield>
    <subfield code="2">ddc</subfield>
    <subfield code="4">0</subfield>
    <subfield code="6">AGR_HEN_2012_000000000000000_B052_OR_8</subfield>
    <subfield code="7">0</subfield>
    <subfield code="9">4920</subfield>
    <subfield code="a">LBB</subfield>
    <subfield code="b">LBB</subfield>
    <subfield code="d">2015-09-24</subfield>
    <subfield code="o">AGR HEN 2012 B052 Or.8</subfield>
    <subfield code="p">RUA005646</subfield>
    <subfield code="r">2015-09-24</subfield>
    <subfield code="w">2015-09-24</subfield>
    <subfield code="y">AGR</subfield>
  </datafield>
  <datafield tag="952" ind1=" " ind2=" ">
    <subfield code="0">0</subfield>
    <subfield code="1">0</subfield>
    <subfield code="2">ddc</subfield>
    <subfield code="4">0</subfield>
    <subfield code="6">AGR_HEN_2012_000000000000000_B1_210_OR_1</subfield>
    <subfield code="7">0</subfield>
    <subfield code="9">77483</subfield>
    <subfield code="a">LBB</subfield>
    <subfield code="b">LBB</subfield>
    <subfield code="c">B1.210</subfield>
    <subfield code="d">2019-01-21</subfield>
    <subfield code="l">2</subfield>
    <subfield code="o">AGR HEN 2012 B1.210 Or.1</subfield>
    <subfield code="p">A41660</subfield>
    <subfield code="r">2023-05-05</subfield>
    <subfield code="s">2023-05-02</subfield>
    <subfield code="w">2019-01-21</subfield>
    <subfield code="y">AGR</subfield>
  </datafield>
  <datafield tag="952" ind1=" " ind2=" ">
    <subfield code="0">0</subfield>
    <subfield code="1">0</subfield>
    <subfield code="2">ddc</subfield>
    <subfield code="4">0</subfield>
    <subfield code="6">AGR_HEN_2012_000000000000000_B1_210_OR_2</subfield>
    <subfield code="7">0</subfield>
    <subfield code="9">77485</subfield>
    <subfield code="a">LBB</subfield>
    <subfield code="b">LBB</subfield>
    <subfield code="c">B1.210</subfield>
    <subfield code="d">2019-01-21</subfield>
    <subfield code="l">4</subfield>
    <subfield code="o">AGR HEN 2012 B1.210 Or.2</subfield>
    <subfield code="p">A41156</subfield>
    <subfield code="r">2026-05-23</subfield>
    <subfield code="s">2026-05-04</subfield>
    <subfield code="w">2019-01-21</subfield>
    <subfield code="y">AGR</subfield>
  </datafield>
</record>
